000 00636nam a2200205Ia 4500
003 GCL
008 140319s9999 xx 000 0 ara d
040 _aGCL /
_cGCL
082 0 4 _a414
_bع ع
100 1 _aعبدالعزيز عتيق
245 1 0 _aعلم المعانى - البيان - البديع /
_cعبدالعزيز عتيق
490 _a
650 0 4 _aاللغة العربية
650 0 4 _aالبلاغة العربية
650 0 4 _aالمعانى
650 0 4 _aالدلالة
650 0 4 _aالبلاغة العربية - البديع
650 0 4 _aالبلاغة العربية - البيان
942 _2ddc
_cBK
999 _c37614
_d37614